000 00551nam a2200181 i 4500
001 7654
003 ES-MaACL
005 20230906145304.0
008 910320s1990 sp f |||| | spa d
020 _a84-404-3.713-7
080 _a397
100 1 _aSantos Rivas, Juan Jose.
_9103527
245 1 0 _aHistoria del pueblo gitano
_b: sus orígenes... /
_cJuan José Santos Rivas.
260 _aAlmeria :
_b[J.J. Santos Rivas,
_c1990]
300 _a198 p., [12] h. de lám. ;
_c22 cm.
650 4 _aGitanos-
_xHistoria.
_913122
852 _aES-MaACL
_jL-14935
999 _c7654
_d7654